Ιστορία της νεοελληνικής λογοτεχνίας
Αποθηκεύτηκε σε:
| Κύριος συγγραφέας: | |
|---|---|
| Μορφή: | Βιβλίο |
| Γλώσσα: | Greek |
| Δημοσίευση: |
Αθήνα :
Μορφωτικό ίδρυμα Εθνικής Τραπέζης,
1985
|
| Έκδοση: | 4η έκδ. |
| Θέματα: | |
| Ετικέτες: |
Προσθήκη ετικέτας
Δεν υπάρχουν, Καταχωρήστε ετικέτα πρώτοι!
|
MARC
| LEADER | 00000cam a2200000 i 4500 | ||
|---|---|---|---|
| 001 | 1/63041 | ||
| 008 | 931207s1985 gr | ||| |||| ||gre|| | ||
| 035 | |a 1988 |b 2 |c Δωρεά |l 10029183 | ||
| 035 | |a 1988 |b 2 |c Δωρεά | ||
| 040 | |a GR-MY-UA |b gre |e aacr | ||
| 041 | 0 | |a gre | |
| 082 | 0 | |a 889.09 | |
| 100 | 1 | |a Πολίτης, Λίνος, |d 1906-1982. | |
| 245 | 1 | 0 | |a Ιστορία της νεοελληνικής λογοτεχνίας / |c Λίνου Πολίτη |
| 250 | |a 4η έκδ. | ||
| 260 | |a Αθήνα : |b Μορφωτικό ίδρυμα Εθνικής Τραπέζης, |c 1985 | ||
| 300 | |a 446 σ.; |c 21 εκ. | ||
| 504 | |a Περιέχει βιβλιογραφικές παραπομπές και ευρετήριο | ||
| 650 | 0 | 0 | |a Greek literature, Modern |x History and criticism. |
| 650 | 0 | 0 | |a Authors, Greek (Modern) |x Biography. |
| 650 | 0 | 0 | |a Greek literature, Modern. |
| 852 | |a INST |b CHIOS |e 19960321 |h 889.09 ΠΟΛ |p 005200004269 |q 005200004269 |t BK |y 0 | ||
| 852 | |a INST |b LESVOS |e 19950606 |h 889.09 ΠΟΛ |p 005100005123 |q 005100005123 |t BK |y 0 | ||
| 852 | |a INST |b LESVOS |e 19950606 |h 889.09 ΠΟΛ |p 005100005134 |q 005100005134 |t BK |y 0 | ||
| 852 | |a INST |b RHODES |e 19931207 |h 889.09 ΠΟΛ |p 005400002856 |q 005400002856 |t BK |y 0 | ||
| 852 | |a INST |b RHODES |e 19960229 |h 889.09 ΠΟΛ |p 005400004114 |q 005400004114 |t BK |y 0 | ||
| 852 | |a INST |b RHODES |e 19960229 |h 889.09 ΠΟΛ |p N10011751 |q N10011751 |t BK |y 12 | ||
| 852 | |a INST |b RHODES |c KRI |e 20051025 |h 889.09 ΠΟΛ |p 005400022602 |q 005400022602 |t BK |y 0 | ||
| 909 | |a Λ |b 010737 | ||
| 909 | |a Ρ |b 010744 | ||
| 909 | |a Χ |b 001166 | ||
| 909 | |a Ρ |b 009935 | ||
| 909 | |a Ρ |b 009936 | ||
| 909 | |a Ρ |b 122215 | ||
| 970 | |a ΚΟΖΑ |b ΜΑΡΙΑ |z 2005/10/25 | ||